Gaming Quiz

Random Gaming or Video Games Quiz
Score 0/14 Timer 03:00
8 Plays Today
Question Answer Wrong Answers
Super Mario:
Which character kidnaps a princess?
Bowser
94.7%
Mario
0.9%
Peach
0.8%
Toad
0.6%
Pokémon:
Which character is not a starter Pokémon?
Raticate
88.3%
Squirtle
1.9%
Charmander
4.1%
Bulbasaur
2.6%
Donkey Kong:
Which character appeared first in a video game in 1981?
Donkey Kong
87.1%
Diddy Kong
5.3%
Dixie Kong
1.7%
King K. Rool
3%
Star Fox:
Which character is the leader of the Star Fox Team?
Fox McCloud
86.1%
Slippy Toad
2.6%
Peppy Hare
3.9%
Falco Lombardi
4.2%
Crash Bandicoot:
Which character is not an antagonist?
Coco Bandicoot
79.9%
Dr. Neo Cortex
5.6%
Dr. N. Tropy
4%
Tiny Tiger
7.3%
The Elder Scrolls:
Which race of character can breathe underwater?
Argonian
71.4%
Redguard
2.4%
Nord
2.5%
Dunmer
20.6%
Sonic the Hedgehog:
Which character is an echidna?
Knuckles
69.8%
Tails
11.1%
Sonic
7%
Dr. Eggman
9.2%
Mortal Kombat:
Which character is not one of the original seven playable characters?
Reptile
69.5%
Scorpion
6.7%
Raiden
16.1%
Sub-Zero
4.4%
Grand Theft Auto:
Which character is not a protagonist?
Lance Vance
68.4%
Niko Bellic
7.6%
Tommy Vercetti
12.5%
CJ Johnson
8.4%
Kirby:
Which character has never been playable in Super Smash Bros.?
Bandana Waddle Dee
67.3%
King Dedede
11.6%
Kirby
6.1%
Meta Knight
11.9%
The Legend of Zelda:
Which character does not appear in the original game of this series?
Epona
60.3%
Zelda
5.7%
Link
2.2%
Ganon
28.7%
Pac-Man:
Which character's name doesn't rhyme with any of the others?
Clyde
41.1%
Pinky
16.4%
Inky
20.6%
Blinky
18.6%
Mega Man:
Which character is also known as Rockman?
Mega Man
39%
Dr. Wily
9.2%
Dr. Light
6%
Proto Man
42.7%
Spyro the Dragon:
Which character is never a playable character?
Ripto
33.4%
Sparks
50.1%
Sgt. Byrd
9%
Spyro
4.2%
Remove Ads.
Support Sporcle.
Get the best of Sporcle when you Go Orange. This ad-free experience offers more features, more stats, and more fun while also helping to support Sporcle. Thank you for becoming a member.

You're not logged in!

Compare scores with friends on all Sporcle quizzes.
OR
Log In

Show Comments

Extras

Top Quizzes Today


Score Distribution

Your Account Isn't Verified!

In order to create a playlist on Sporcle, you need to verify the email address you used during registration. Go to your Sporcle Settings to finish the process.

Report this User

Report this user for behavior that violates our Community Guidelines.

Details: